|
|
|
|
| LEADER |
01145nim a22003011a 4500 |
| 001 |
8148 |
| 003 |
BD-DhAAL |
| 005 |
20151025101051.0 |
| 008 |
151025s1994 caunnn eng |
| 010 |
|
|
|a 99588687
|
| 020 |
|
|
|a 0006476589
|
| 020 |
|
|
|a 1558009655 :
|c $17.95
|
| 028 |
0 |
2 |
|a 42910
|b Dove Audio
|
| 040 |
|
|
|a DLC
|c OCo
|d IArlh
|d DLC
|d BD-DhAAL
|
| 050 |
0 |
0 |
|a RZA 4076
|
| 082 |
|
|
|a 813/.54
|
| 100 |
1 |
|
|a Sheldon, Sidney.
|9 15621
|
| 245 |
1 |
0 |
|a Nothing lasts forever /
|c author/reader, Sidney Sheldon.
|
| 260 |
|
|
|a Beverly Hills, CA :
|a London:
|b Dove Audio,
|b HarperColling Publisher,
|c c1994.
|
| 300 |
|
|
|a 370 p. ;
|c 18 cm.
|
| 500 |
|
|
|a Abridged.
|
| 511 |
3 |
|
|a Sidney Sheldon.
|
| 520 |
|
|
|a Nothing lasts forever races from the operating room to the court room amidst the ambitions and fears of healers and killers, lovers and betrayers.
|
| 541 |
|
|
|e 8148
|
| 650 |
|
0 |
|a Women physicians
|z United States
|x Fiction.
|9 15622
|
| 942 |
|
|
|2 ddc
|c BK
|
| 999 |
|
|
|c 35871
|d 35871
|
| 952 |
|
|
|0 0
|1 0
|2 ddc
|4 0
|6 813_000000000000000__54_SHE
|7 0
|9 56413
|a SCL
|b SCL
|c GEN
|d 2015-10-25
|g 200.00
|l 14
|m 54
|o 813.54 SHE
|p 3020008148
|r 2023-12-07
|s 2023-11-15
|t 1
|w 2015-10-25
|y BK
|